|
|
|
|
| LEADER |
00000nam a22000007a 4500 |
| 005 |
20161014102721.0 |
| 007 |
cr|||| ||u| |
| 008 |
161014s2015 Sp |||||o|||| 001 0 Spa d |
| 020 |
|
|
|a 978-84-9085-527-0
|
| 035 |
|
|
|a 14342
|
| 040 |
|
|
|a vLex
|
| 090 |
|
|
|c 6286
|d 6286
|
| 100 |
1 |
|
|a Delgado Echeverra̕, Jess︢
|
| 245 |
1 |
|
|a Comentarios al Cd̤igo del Derecho Foral de Aragn̤
|h [Recurso electrn̤icos] :
|b Doctrina y Jurisprudencia /
|c Jess︢ Delgado Echeverra̕, Mara̕ del Carmen Bayod Lp̤ez.
|
| 256 |
|
|
|a Servicio en ln̕ea
|
| 260 |
|
|
|a Madrid:
|b Dykinson,
|c 2015.
|
| 300 |
|
|
|a 1 Recurso electrn̤ico
|
| 506 |
1 |
|
|a Disponible en los productos indicados
|d vLex Global
|d vLex Global (Academic Edition, excluding Law Schools)
|d vLex Global (U.S. Academic Edition, Law Schools)
|d vLex Global (U.S. Academic Edition, excluding Law Schools)
|d vLex Global (Academic Edition, Law Schools)
|
| 650 |
0 |
4 |
|a Derecho civil
|z Espaą
|
| 650 |
0 |
4 |
|a Jurisprudencia
|z Espaą
|
| 700 |
1 |
|
|a del Carmen Bayod Lp̤ez, Mara̕
|
| 700 |
1 |
|
|a Serrano Garca̕, Jos ̌Antonio
|
| 740 |
0 |
|
|a vLex libros (servicio en ln̕ea)
|
| 856 |
4 |
0 |
|u http://vlex.com/source/comentarios-al-codigo-del-derecho-foral-de-aragon-doctrina-y-jurisprudencia-14342
|z Acceso restringido
|
| 942 |
|
|
|c BOOK
|
| 999 |
0 |
|
|a Civil law
|
| 999 |
0 |
|
|a Jurisprudence
|